US States by Korean Spelling - Statistics

General Stats
  • This quiz has been taken 16 times
  • The average score is 42 of 50
Answer Stats
Korean English % Correct
애리조나 Arizona
93%
아이오와 Iowa
93%
미시간 Michigan
93%
몬태나 Montana
93%
뉴멕시코 New Mexico
93%
뉴욕 New York
93%
오하이오 Ohio
93%
앨라배마 Alabama
87%
아칸소 Arkansas
87%
캘리포니아 California
87%
플로리다 Florida
87%
하와이 Hawaii
87%
아이다호 Idaho
87%
일리노이 Illinois
87%
인디애나 Indiana
87%
메인 Maine
87%
매사추세츠 Massachusetts
87%
미네소타 Minnesota
87%
미시시피 Mississippi
87%
미주리 Missouri
87%
뉴햄프셔 New Hampshire
87%
뉴저지 New Jersey
87%
노스다코타 North Dakota
87%
오클라호마 Oklahoma
87%
오리건 Oregon
87%
펜실베이니아 Pennsylvania
87%
텍사스 Texas
87%
워싱턴 Washington
87%
알래스카 Alaska
80%
콜로라도 Colorado
80%
코네티컷 Connecticut
80%
델라웨어 Delaware
80%
켄터키 Kentucky
80%
메릴랜드 Maryland
80%
네바다 Nevada
80%
노스캐롤라이나 North Carolina
80%
로드아일랜드 Rhode Island
80%
사우스캐롤라이나 South Carolina
80%
사우스다코타 South Dakota
80%
테네시 Tennessee
80%
유타 Utah
80%
버지니아 Virginia
80%
웨스트버지니아 West Virginia
80%
위스콘신 Wisconsin
80%
와이오밍 Wyoming
80%
조지아 Georgia
73%
캔자스 Kansas
73%
버몬트 Vermont
73%
루이지애나 Louisiana
67%
네브래스카 Nebraska
67%
No matching quizzes found
Score Distribution
Percent of People with Each Score
Percentile by Number Answered
Your Score History
You have not taken this quiz